| 000 | 01065nam a2200337 i 4500 | ||
|---|---|---|---|
| 001 | 11233 | ||
| 003 | KOSZ 005 | ||
| 005 | 20210216122232.0 | ||
| 008 | 080220s1967 pl ab f 000 0 pol | ||
| 015 | _aPB 1967/4863 | ||
| 040 |
_aWA N _cWA N _dKOSZ 005/RW _dKOSZ 005/HR |
||
| 046 | _k1967 | ||
| 080 | _a711.3(438) | ||
| 080 | _a551.43(438) | ||
| 080 | _a911.373(438) | ||
| 100 | 1 |
_aRzymkowski, Andrzej _d(1911-1986) _eAutor |
|
| 245 | 1 | 0 |
_aPlanowanie przestrzenne w górach / _cAndrzej Rzymkowski. |
| 260 |
_aWarszawa : _b"Arkady", _c1967. |
||
| 300 |
_a145, [2] s. : _bil., mapy ; _c24 cm. |
||
| 380 | _aKsiążki. | ||
| 388 | _a1901-2000 | ||
| 504 | _aBibliogr. s. 145-[146]. | ||
| 658 | _aArchitektura i budownictwo | ||
| 658 | _aGeografia i nauki o Ziemi | ||
| 650 | 4 | _aPlanowanie przestrzenne | |
| 650 | 4 | _aGóry | |
| 650 | 4 | _aOsadnictwo | |
| 710 | 2 |
_aWydawnictwo "Arkady". _4pbl. |
|
| 856 |
_uhttp://koha.tu.koszalin.pl/cgi-bin/koha/opac-detail.pl?biblionumber=11233 _yKatalog online BPK |
||
| 942 |
_2UKD _cKS |
||
| 999 |
_c11233 _d11233 |
||